[Event "Tata Steel-B 87th"]
[Site "Wijk aan Zee"]
[Date "2025.02.01"]
[Round "12"]
[White "Suleymanli, Aydin Elshan"]
[Black "Svane, Frederik"]
[Result "1-0"]
[WhiteElo "2623"]
[BlackElo "2664"]
[PlyCount "167"]
[EventDate "2025.01.18"]
[EventType "tourn"]
[EventRounds "13"]
[EventCountry "NED"]
[EventCategory "12"]
[SourceTitle "Mega2025 Update 14"]
[Source "Chessbase"]
[SourceDate "2025.02.07"]
[SourceVersion "1"]
[SourceVersionDate "2025.02.07"]
[SourceQuality "1"]

1. d4 Nf6 2. c4 e6 3. Nc3 d5 4. cxd5 exd5 5. Bg5 Be7 6. e3 O-O 7. Bd3 h6 8. Bh4 c6 9. Nge2 {9.Bg3 is the modern continuation. 9.Lg3 ist die moderne Fortsetzung.} Re8 10. O-O a5 11. Qc2 Nbd7 ({RR} 11... Na6 12. a3 Nc7 13. f3 Ne6 14. Bf2 b5 15. Ng3 Ba6 16. Nce2 c5 17. dxc5 Nxc5 18. Bf5 b4 19. axb4 axb4 20. Rfd1 Bc4 21. Nd4 b3 22. Qd2 Bf8 23. Rxa8 Qxa8 24. Bb1 g6 25. h4 h5 26. Nge2 {Maghsoodloo,P (2707)-Carlsen,M (2839) chess.com INT 2023 ½-½ (74)}) ({RR} 11... Na6 12. a3 Nc7 13. h3 Ne6 14. Bg3 Bf8 15. Rfe1 Ng5 16. Nf4 Nge4 17. Bh2 Bd6 18. Nxe4 Nxe4 19. f3 Nf6 20. g4 Qc7 21. Bf1 b6 22. Rac1 c5 23. Qd2 Bb7 24. h4 g5 25. hxg5 hxg5 26. Nh3 {Lazavik,D (2580)-Svane,F (2659) chess.com INT 2025 1-0 (51)}) 12. Bg3 $146 ({RR} 12. Rad1 b5 13. Bg3 Nb6 14. Nxb5 cxb5 15. Bc7 Qd7 16. Bxb6 Bd6 17. Rc1 Bb7 18. Bf5 Qe7 19. Bc5 Ne4 20. Bxd6 Qxd6 21. Qc7 Qxc7 22. Rxc7 Ba6 23. Nf4 Red8 24. Rfc1 Nd6 25. Bd3 Nc4 26. b3 Nb6 {Holt,C (2549)-Garv,G (2083) Chess.com INT 2021 1-0 (36)}) ({RR} 12. f3 b5 13. Bf2 Ba6 14. a4 b4 15. Nb1 Bxd3 16. Qxd3 c5 17. b3 Rc8 18. Nd2 Nb6 19. dxc5 Bxc5 20. Rac1 Qe7 21. Nd4 Nfd7 22. Qb5 Bxd4 23. exd4 Qe2 24. Rxc8 Nxc8 25. Qxd7 Rf8 26. Nb1 Qc2 {Badacsonyi,S (2294)-Vaidyanathan,S (1849) Peterborough ENG 2026 1-0 (32)}) 12... Bf8 13. h3 b5 14. Rac1 Ba6 15. Rfd1 Qb6 16. e4 $146 (16. Bf4 b4 17. Na4 Bxd3 18. Qxd3 Qb7 19. Rc2 Rac8 20. Rdc1 Ne4 21. Bh2 g6 22. Qd1 {1-0 Nikolaou,S (2180)-Malataras,G (1976) Aegean op 46th 2023 (5)}) 16... b4 17. Na4 Bxd3 18. Rxd3 Qb5 19. e5 Ne4 20. Qd1 Rac8 21. b3 Qb7 22. Bf4 c5 23. f3 Ng5 24. dxc5 Nxc5 25. Rxd5 Nge6 26. Nxc5 Bxc5+ 27. Kh1 Qa8 28. Rc2 a4 29. Bg3 axb3 30. axb3 Qa3 31. Qb1 Qa8 32. Rd1 Rcd8 33. Nf4 Rxd1+ 34. Qxd1 Rd8 35. Qb1 Nxf4 36. Bxf4 Bd4 37. Ra2 Qc8 38. Rd2 Bc3 39. Rd6 Re8 40. Qd3 Qa8 41. Kh2 Qa5 42. Rd5 Qa1 43. Qc4 Qb1 44. Rd3 Qc2 45. Bg3 Qb1 46. f4 Ra8 47. Bh4 Re8 48. Bf2 Ra8 49. Qd5 Re8 50. Bc5 Qc1 51. Be3 Qb1 52. Qc4 Ra8 53. e6 fxe6 54. Qxe6+ Kh8 55. Qd5 Rf8 56. Qd6 Kg8 57. Qe6+ Kh8 58. Bd4 Kh7 59. Qe7 Rg8 60. Qe4+ Kh8 61. Qd5 Qb2 62. Qc4 Bxd4 63. Qxd4 Qe2 64. Re3 Qf2 65. Re4 Qxd4 66. Rxd4 Rb8 67. f5 Rb5 68. g4 h5 69. Kg3 hxg4 70. hxg4 Kg8 71. Kf4 g6 72. fxg6 Kg7 73. Ke3 Kxg6 74. Kd3 Kg5 75. Kc4 Rb8 76. Kc5 Kf6 77. Rxb4 Rc8+ 78. Kd4 Rd8+ 79. Ke3 Rh8 80. Kf4 Rh3 81. Rb6+ Kf7 82. b4 Rc3 83. g5 Rc1 84. Ke5 1-0

[Event "FIDE Grand Swiss"]
[Site "Samarkand"]
[Date "2025.09.04"]
[Round "1"]
[White "Anton Guijarro, David"]
[Black "Fedoseev, Vladimir1"]
[Result "1-0"]
[WhiteElo "2625"]
[BlackElo "2731"]
[PlyCount "99"]
[EventDate "2025.09.04"]
[EventType "swiss"]
[EventRounds "11"]
[EventCountry "UZB"]
[SourceTitle "Mega2025 Update 46"]
[Source "Chessbase"]
[SourceDate "2025.09.19"]
[SourceVersion "1"]
[SourceVersionDate "2025.09.19"]
[SourceQuality "1"]

1. d4 d5 2. c4 e6 3. Nc3 Nf6 4. cxd5 exd5 5. Bg5 c6 6. e3 Bf5 {6...h6 is the modern continuation. 6...h6 ist die moderne Fortsetzung.} 7. Qf3 Be6 8. Bxf6 Qxf6 9. Qxf6 gxf6 10. Bd3 ({RR} 10. h4 h5 11. Nge2 Nd7 12. Nf4 Nb6 13. Be2 Bg4 14. f3 Bf5 15. Kf2 Bd6 16. Bd3 Bxd3 17. Nxd3 Nc4 18. b3 Nb6 19. Rag1 O-O-O 20. g4 Rde8 21. Ne2 hxg4 22. Rxg4 f5 23. Rg7 Rh5 24. Nef4 Rh6 {Faryma,M (2188)-Liavonava,Y (2140) chess.com INT 2026 ½-½ (67)}) 10... h5 ({RR} 10... Nd7 11. Nge2 Nb6 12. Nf4 Nc8 13. f3 h5 14. h4 Bd6 15. Nce2 Bd7 16. Kf2 Ne7 17. Ng3 Bxf4 18. exf4 O-O-O 19. Rhe1 Rde8 20. Re3 Kd8 21. Rae1 a6 22. b4 Nc8 23. Rxe8+ Bxe8 24. a4 Bd7 25. a5 {Giri,A (2762)-Zvjaginsev,V (2643) Antalya 2017 1-0 (54)}) 11. Nge2 $146 (11. h4 a5 12. Nge2 a4 13. a3 Nd7 14. Nf4 Bd6 15. Nce2 Ke7 16. Ng3 Bxf4 17. exf4 {1-0 Toktomushev,T (2407)-Fernandez Estremera,F (2139) Titled Tuesday intern op 04th Feb Late blitz 2025 (3)}) ({RR} 11. h4 Nd7 12. Nh3 Bd6 13. Ne2 O-O-O 14. Nhf4 Nb6 15. f3 Nc4 16. Bxc4 dxc4 17. a4 Bd7 18. Kf2 Kb8 19. Rhc1 b5 20. axb5 cxb5 21. Nd5 Bc6 22. Nxf6 Be7 23. Ne4 Bxh4+ 24. g3 Be7 25. Ra5 h4 {Matthiesen,M (2275)-Antonsen,M (2434) Aarhus 2018 ½-½ (41)}) 11... h4 12. f3 Nd7 13. Kf2 f5 14. Nf4 Nb6 15. Nce2 Bd7 16. g3 Be7 17. Ng2 hxg3+ 18. hxg3 O-O-O 19. Nh4 Bxh4 20. gxh4 Rh6 21. Rh2 Rdh8 22. Rah1 Kd8 23. h5 Ke7 24. Rh4 Nc8 25. Ng3 Kf6 26. Rf4 Ne7 27. e4 Ng6 28. e5+ Ke7 29. Rxf5 Nf8 30. Rg5 Ke8 31. Nf5 Bxf5 32. Bxf5 a5 33. f4 b6 34. Kg3 c5 35. Kg4 cxd4 36. Rd1 Rc6 37. Rxd4 Ne6 38. Bxe6 fxe6 39. Rg6 Kd7 40. Rg7+ Ke8 41. Rg6 Kd7 42. h6 Rc1 43. f5 Rg1+ 44. Kh5 Rf1 45. fxe6+ Kc6 46. Kg5 Kc5 47. Rf4 Re1 48. Kf5 Rh7 49. Kf6 Kc6 50. e7 1-0

[Event "World Cup"]
[Site "Reykjavik"]
[Date "1991.??.??"]
[Round "6"]
[White "Speelman, Jonathan S"]
[Black "Andersson, Ulf"]
[Result "1/2-1/2"]
[WhiteElo "2630"]
[BlackElo "2625"]
[Annotator "Ftacnik,Lubomir"]
[PlyCount "80"]
[EventDate "1991.09.??"]
[EventType "tourn"]
[EventRounds "15"]
[EventCountry "ISL"]
[EventCategory "16"]
[SourceTitle "CBM 026"]
[Source "ChessBase"]
[SourceDate "1992.02.01"]
[SourceVersion "1"]
[SourceVersionDate "1992.02.01"]
[SourceQuality "1"]

1. d4 Nf6 2. c4 e6 3. Nc3 d5 4. cxd5 exd5 5. Bg5 c6 6. e3 Be7 7. Bd3 Nbd7 8. Nge2 Nh5 9. Bxe7 Qxe7 10. g4 Nhf6 11. Ng3 h6 (11... g6 12. g5 Ng8 13. h4 h6 14. h5 $5) ({RR} 11... Nb6 12. g5 Ng8 13. h4 Be6 14. Nh5 g6 15. Ng7+ Kd7 16. Nxe6 Qxe6 17. a4 a5 18. h5 Ne7 19. Qf3 Nf5 20. Ne2 Rae8 21. b3 Nd6 22. Qh3 Qxh3 23. Rxh3 h6 24. hxg6 hxg5 25. Rxh8 Rxh8 26. g7 {Wojtaszek,R (2745)-Onischuk,A (2682) Tbilisi 2017 0-1 (49)}) 12. Nf5 (12. h3 Nb6 13. Qd2 Bd7 14. b3 g6 15. a4 a5 16. f3 $14 {Kasparov,G-Spassky,B/Barcelona/1989/ CBM 12}) 12... Qf8 13. h4 $146 ({RR} 13. Qf3 Nb6 14. Qf4 Bxf5 15. gxf5 Qb4 16. O-O Qxb2 17. Rfc1 Qa3 18. Rab1 O-O 19. Rc2 Rad8 20. Kh1 Rfe8 21. Rg1 Kh8 22. Qg3 Rg8 23. Rd1 Qd6 24. Qh4 Rde8 25. Ne2 Ne4 26. Nf4 Nc8 27. Rb1 Qe7 {Laxman,R (2335)-Prakash,G (2434) Chennai 2004 0-1 (52)}) ({RR} 13. Qf3 Nb6 14. O-O-O Be6 15. h4 O-O-O 16. g5 hxg5 17. hxg5 Rxh1 18. Rxh1 Ne8 19. Rh7 g6 20. Nh6 Nd6 21. Qf4 Qe8 22. Ng4 Qf8 23. Ne5 Qg8 24. Qh2 Nbc4 25. Bxc4 dxc4 26. f4 Nf5 27. Kd2 c5 {Sakhayi,M (2166)-Nguyen,L (1952) chess.com INT 2026 0-1 (32)}) ({RR} 13. h3 g6 14. Ng3 Qe7 15. Qe2 Nb6 16. O-O-O Bd7 17. Kb1 O-O-O 18. Ka1 Kb8 19. Rb1 Ne8 20. f3 Bc8 21. Qf2 Ng7 22. h4 Rhe8 23. Rbe1 c5 24. Bb5 Bd7 25. Bxd7 Rxd7 26. h5 gxh5 27. dxc5 Qxc5 {Speelman,J (2630)-Peelen,P (2350) Leeuwarden 1997 ½-½ (45)}) ({RR} 13. Qf3 g6 14. Ng3 Qe7 15. h3 Nb6 16. O-O Be6 17. a4 a5 18. Qf4 g5 19. Qe5 Rc8 20. Nf5 Bxf5 21. Qxf5 Kf8 22. Rae1 Qe6 23. Qf3 Re8 24. Qg3 Nc8 25. Bf5 Qe7 26. e4 dxe4 27. Nxe4 Kg7 {Rozman,L (2417)-Hua,E (2340) Montreal 2018 ½-½ (46)}) 13... g6 14. Ng3 Nb6 15. f3 (15. Be2 $5) 15... Qd6 16. Nce2 h5 $6 (16... Bd7 17. h5 O-O-O 18. Kf2 Rde8 $132) 17. g5 Ng8 18. Kf2 Ne7 19. a4 Be6 20. Qc2 Nd7 21. Nf4 Nf8 22. b4 (22. Rhc1 Bd7 23. Qc5 Qxc5 24. Rxc5 $14) 22... Bd7 23. Qc5 Qc7 $1 24. b5 Ne6 25. Nxe6 Bxe6 26. bxc6 bxc6 27. Rab1 O-O 28. Rb4 Rab8 29. Rhb1 Rxb4 30. Rxb4 (30. Qxb4 Bf5 $1 $132) 30... Nf5 31. Bxf5 Bxf5 32. Rb3 Rb8 33. Rxb8+ Qxb8 34. Nxf5 Qh2+ 35. Kf1 gxf5 36. Qxc6 Qh1+ 37. Ke2 Qg2+ 38. Ke1 Qg1+ 39. Ke2 Qg2+ 40. Ke1 Qg1+ {Ftacnik,L} (40... Qxf3 41. Qe8+ Kg7 42. Qe5+ Kh7 43. Qe7 $10) 1/2-1/2

[Event "Bundesliga 0405 playoff"]
[Site "Bremen"]
[Date "2005.05.08"]
[Round "1.3"]
[White "Sokolov, Ivan"]
[Black "Pelletier, Yannick"]
[Result "1-0"]
[WhiteElo "2685"]
[BlackElo "2604"]
[Annotator "Pelletier,Yannick"]
[PlyCount "63"]
[EventDate "2005.05.08"]
[EventType "team-match"]
[EventRounds "1"]
[EventCountry "GER"]
[SourceTitle "CBM 107"]
[Source "ChessBase"]
[SourceDate "2005.08.01"]
[SourceVersion "1"]
[SourceVersionDate "2005.08.01"]
[SourceQuality "1"]
[WhiteTeam "Porz"]
[BlackTeam "Werder Bremen"]
[WhiteTeamCountry "GER"]
[BlackTeamCountry "GER"]

1. d4 d5 2. c4 c6 3. Nf3 Nf6 4. Nc3 e6 5. Bg5 Nbd7 6. cxd5 exd5 7. e3 Be7 8. Bd3 Ne4 9. Bf4 Ndf6 10. Qc2 Bf5 ({RR} 10... O-O 11. Ne5 Re8 12. O-O Bd6 13. f3 Nxc3 14. bxc3 h6 15. Rae1 c5 16. Bg3 Qc7 17. e4 cxd4 18. cxd4 Qxc2 19. Bxc2 Be6 20. Ba4 Rec8 21. Bb3 a5 22. Ng4 Bxg3 23. Nxf6+ gxf6 24. hxg3 dxe4 25. d5 {Bacrot,E (2725)-Mamedyarov,S (2753) Geneve 2013 ½-½ (46)}) ({RR} 10... O-O 11. h3 Re8 12. O-O Bf5 13. Ne5 Nxc3 14. Bxf5 Nce4 15. f3 Nd6 16. Bd3 g6 17. g4 Nd7 18. Bh2 Rc8 19. Rac1 Bf8 20. Qf2 Qe7 21. Rfe1 Bg7 22. Nxd7 Qxd7 23. Bf4 Re6 24. h4 Rce8 25. Bf1 {Ragnarsson,D (2376)-Oleksiyenko,M (2569) Kopavogur ISL 2026 0-1 (37)}) 11. Ne5 g6 12. O-O Nd6 ({Es war unnötig, den aktiven Springer ohne Zwang zurückzuziehen. Nach} 12... O-O 13. f3 Nd6 {funktionniert} 14. e4 $2 {nämlich nicht wegen} dxe4 15. fxe4 Ndxe4) 13. b4 $146 {Weiß verlässt das Spiel im Zentrum für eine Minoritätsangriff.} ({RR} 13. h3 O-O 14. Rad1 Rc8 15. Bxf5 Nxf5 16. g4 Ng7 17. Bh6 Nfe8 18. f3 Nd6 19. e4 Re8 20. Qb3 Bg5 21. Bxg5 Qxg5 22. exd5 Qh4 23. Ne4 cxd5 {½-½ (23) Yilmaz,M (2630)-Naiditsch,A (2700) Minsk 2017}) ({RR} 13. f3 Bxd3 14. Qxd3 Nh5 15. Bh6 Nf5 16. g4 Nxh6 17. gxh5 Nf5 18. Kh1 Qd6 19. Rad1 Bg5 20. f4 Be7 21. e4 dxe4 22. Qxe4 O-O 23. Rg1 Kh8 24. d5 cxd5 25. Nxd5 Rad8 26. Ne3 Qe6 27. Rxd8 Rxd8 {Kasparov,G (2825)-CHUKCHA ICC INT 1998 1-0}) 13... Rc8 $5 (13... Bxd3 14. Nxd3 O-O 15. Bxd6 (15. a4 $14) 15... Bxd6 16. b5 $14) 14. b5 c5 ({Dafür überlegte ich sehr lange, denn die Folgen von} 14... cxb5 {waren schwer zu berechnen. Mir gefiel nicht das Qualitätsopfer nach} 15. Qb3 ({aber auch} 15. Bxf5 Nxf5 16. Qb3 a6 17. Bg5 $36 {ist für Weiß interessant}) 15... Bxd3 (15... O-O 16. Nxb5 $16 (16. Nxd5 Nxd5 17. Qxd5 Be6 18. Qf3 Rc3 (18... f6 19. Nxg6 hxg6 20. Bxg6 Kg7 21. Qg3 Rg8 22. Rfd1 $44) 19. Rad1 $13) (16. Bxf5 Nxf5 17. Nxb5 a6 18. Nc3 $14)) 16. Nxd3 Nfe4 17. Nxd5 $1 {[%mdl 2048]} (17. Nxb5 Nxb5 18. Qxb5+ Qd7 19. Qb2 O-O $13) 17... Nd2 18. Qb4 (18. Qa3 Nxf1 19. Nxe7 Nc4) 18... Nxf1 (18... a5 19. Qxd2 Nc4 20. Qe2 Qxd5 21. Bh6 $16) 19. Nxe7 Kxe7 20. Rxf1 a5 21. Bxd6+ Qxd6 22. Qxa5 $36) 15. dxc5 (15. Qa4 Bxd3 16. Nxd3 cxd4 17. Qxd4 Nf5) 15... Rxc5 16. Bxf5 Nxf5 17. Qb3 O-O (17... Qa5 18. Rac1 O-O 19. Nd3) {Hier dachte ich, etwa ausgeglichen zu haben, aber Ivan findet einen starken Plan, der mir vor ernsthafte Probleme stellt.} 18. Na4 $5 (18. Rad1 d4 19. exd4 (19. Ne2 Qd5 20. Qxd5 Rxd5 21. Nxd4 Nxd4 22. Rxd4 Rxb5 $11) 19... Nxd4 20. Qa4 Rxc3 21. Rxd4 Qb6 (21... Qc8 22. Re1 $36) 22. Nd7 Nxd7 23. Rxd7 Bc5 $132 {/+=}) 18... Rc8 19. b6 $1 a6 (19... axb6 20. Nxb6 Rc5 21. Rfd1 $36) 20. Rad1 (20. Nf3 $14 {hätte die Lage stabilisiert und den leichten weißen Vorteil befestigt.}) 20... Bd6 21. Nc3 Ne7 $2 $138 ({Bis hier hatte ich viel mehr Zeit verbraucht als mein Gegner. Mit etwa 10 Minuten auf der Uhr übrig zog ich den Spriger schnell zurück, was ein klarer Fehler ist. Nach} 21... Re8 {entstehen viele komplizierte Varianten:} 22. Nxd5 $1 (22. Nxf7 $2 Rxc3 $1) (22. Nf3 Bxf4 23. exf4 Rc6 $11) 22... Bxe5 (22... Rxe5 $6 23. Bxe5 Bxe5 24. Nxf6+ (24. f4 Bd6) 24... Qxf6 25. Rd7 Nd6 (25... Bb8 26. Rxb7 Rd8 27. Rd1 $36) (25... Rd8 26. Rxb7) 26. f4 (26. Rd1 Rc6) 26... Bc3 27. Rd1 Rc6 28. Rc7 Nb5 $1 29. Rxc6 Qxc6 30. Rd8+ (30. a4 Nd6 31. Rxd6 Qxd6 32. Qxc3 Qxb6 $11) 30... Kg7 31. a4 Qe4 32. Kf2 Bd4 33. g3 (33. axb5 Bxb6 34. Rd3 Qxf4+ 35. Kg1 axb5 $13) 33... Bxb6 (33... Qh1 34. axb5 Qxh2+ 35. Kf3 Bxb6 36. Rd7 Qh5+ 37. g4 Qh1+ 38. Ke2 Qg2+ 39. Kd3 Qf1+ 40. Ke4 Qh1+ 41. Ke5 Qa1+ 42. Kd5 axb5 43. Rxb7 $18) 34. Rd7 Bxe3+ 35. Qxe3 Qxa4 36. Qe5+ Kh6 37. g4 $18) 23. Bg5 Nd4 $1 24. Bxf6 (24. Nxf6+ Qxf6 25. Rxd4 Bxh2+ (25... Qxg5 26. f4) 26. Kxh2 Qxg5 27. Rd7 Re7 $11 {/+=}) (24. exd4 Bxh2+ (24... Qxd5 25. dxe5 Qxe5 26. Bc1) 25. Kxh2 (25. Kh1 Qxd5) 25... Ng4+ 26. Kg3 Qxg5 27. f4 Qh5 28. Rh1 Qf5 29. Rhe1 Nf6 $36) 24... Ne2+ 25. Kh1 Bxf6 26. Nf4 (26. Rfe1 Nd4 27. exd4 Rxe1+ 28. Rxe1 Bxd4 $11) 26... Nd4 27. exd4 Rc6 28. Nd5 (28. Qf3 Rxb6 (28... Bg7 $5) 29. Nd5 Rd6 30. Nxf6+ Qxf6 31. Qxb7 Red8 32. d5 Qc3 $11) 28... Ree6 (28... Re4 $5 $11) 29. Nc7 (29. a4 Red6 30. Nxf6+ Qxf6 31. a5 Rxd4 $11) 29... Red6 30. Rfe1 Rxb6 31. Re8+ Qxe8 32. Nxe8 Rxb3 33. axb3 Re6 $11) 22. Bg3 (22. e4 $16) 22... Bxe5 (22... Nh5 23. Nxd5 Nxd5 24. Rxd5 Nxg3 25. fxg3 $5 $18) 23. Bxe5 {Die Stellung ist nun nicht mehr zu retten.} Rc6 24. e4 Rxb6 25. Qa3 Qd7 26. Bxf6 Rxf6 27. exd5 Rf5 28. d6 Nc8 29. Ne4 Rd8 30. Qc3 Qb5 31. d7 Ne7 32. Nd6 1-0

[Event "Bundesliga 0506"]
[Site "Germany"]
[Date "2005.11.13"]
[Round "4.1"]
[White "Khenkin, Igor"]
[Black "Bacrot, Etienne"]
[Result "1/2-1/2"]
[WhiteElo "2603"]
[BlackElo "2725"]
[Annotator "Marin,Mihail"]
[PlyCount "48"]
[EventDate "2005.10.21"]
[EventType "team-tourn"]
[EventRounds "15"]
[EventCountry "GER"]
[SourceTitle "CBM 110"]
[Source "ChessBase"]
[SourceDate "2006.01.31"]
[SourceVersion "1"]
[SourceVersionDate "2006.01.31"]
[SourceQuality "1"]
[WhiteTeam "Tegernsee"]
[BlackTeam "Baden-Baden"]
[WhiteTeamCountry "GER"]
[BlackTeamCountry "GER"]

1. d4 d5 2. c4 c6 3. Nf3 Nf6 4. Nc3 e6 5. Bg5 Nbd7 6. cxd5 exd5 7. e3 Be7 8. Bd3 Ne4 {This early knight jump is possible in the Exchange Variation only in case of this particular move order, of course.} 9. Bxe7 Qxe7 10. Bxe4 ({To a certain extent, this looks less ambitious than} 10. Qc2 {. However, Black was doing fine after the opening in the game 0-1 Nyback,T (2554)-Filippov,V (2621)/Moscow 2005/CBM 106/[Marin] (29)}) 10... dxe4 11. Nd2 Nf6 12. Qc2 Bf5 13. O-O ({RR} 13. Nf1 O-O 14. Ng3 Bg6 15. h4 h6 16. h5 Bh7 17. a3 Rfd8 18. Nge2 c5 19. Rd1 cxd4 20. Rxd4 Rxd4 21. Nxd4 Qe5 22. Qb3 b6 23. Qb5 Qe7 24. Nd5 Nxd5 25. Qxd5 Rc8 26. O-O Kh8 27. b4 Rd8 {Kozlov,G (2415)-Henriquez Villagra,C (2603) Linares ESP 2024 1-0 (48)}) 13... O-O {In my comments for CBM 106 I wrote 'the e4-pawn is rather well defended, giving Black some chances for active king side operations.' However, we should take into account that White's queen side play recquires much less effort and imagination (ab1, b4-b5, etc.). Black should aim to keep balance between attack and defence.} 14. Rab1 {Doubtlessly, the most natural move. White prepares for his standard minority's attack immediately. However, other moves have been tried in practice, too.} (14. Rfc1 {This move move was not necessary yet, but it hardly is the cause for White's defeat.} Rfe8 15. Rab1 a5 (15... h5 16. b4 Rac8 $5) 16. Nc4 (16. a3 $1) 16... h5 17. Nb6 Ra6 18. Nba4 g6 19. Nc5 Ra7 20. Ne2 Nd5 21. a3 h4 22. Nb3 $2 (22. h3 $8) 22... Qg5 23. Kh1 h3 $40 {0-1 Sulzbach,S-Gustafsson,J/Berlin 1993/EXT 2002 (47)}) ({White gets nothing by attacking the strongly defended e4-pawn:} 14. f3 Rae8 15. Rae1 Bg6 16. f4 Bf5 17. Na4 Rc8 (17... Nd5 $5) 18. a3 Rfd8 19. b4 b6 20. Rc1 Ng4 21. Rfe1 h5 $132 {1-0 Book,E-Stoltz,G/Helsinki 1947/EXT 98 (46)}) (14. a3 {might slow down White's attack under certain circumstances, but is playable, of course.} Rad8 15. b4 Rfe8 16. Rfc1 Bg6 $6 (16... h5 $142) 17. Qb2 Ng4 18. h3 Nh6 19. b5 f5 20. bxc6 bxc6 21. Ne2 Rb8 22. Qc2 Rec8 23. Nc4 $14 {1-0 Langeweg,K-Rellstab,L/Zevenaar 1961/MCD (57)}) 14... h5 {The starting signal to the typical king side attack.} ({The followig blitz game highlights some interesting ideas for Black:} 14... Rfe8 15. b4 a5 (15... Rac8) 16. b5 $6 (16. bxa5 $1 Rxa5 17. Nc4 $36 {a4-a5}) 16... c5 $1 17. Nb3 cxd4 18. Nxd4 Bd7 19. Qb3 Qe5 $36 {g4. The control of the e5-square is quite important for Black.} 20. h3 Qg5 21. Kh2 Qh4 22. Nd5 Ng4+ 23. Kg1 Ne5 24. Nf4 (24. Nc7 Bxh3 $1 $40) 24... Rad8 25. Rbc1 g5 $1 26. Nd5 g4 $40 {0-1 Polgar,Z (2560)-Ivanovic,B (2470)/Moscow 1993/EXT 97 (33)}) ({RR} 14... Rac8 15. b4 Rfe8 16. Rfc1 Nd5 17. a3 Qg5 18. Nxd5 cxd5 19. Qd1 Bh3 20. Qf1 h6 21. Kh1 Bd7 22. Nb3 Qf5 23. Kg1 Kh7 24. Rxc8 Rxc8 25. Rc1 Rxc1 26. Qxc1 Bb5 27. h3 Qd7 28. Nd2 b6 29. Qc3 {Nikolov,M (2583)-Radulski,J (2571) Albena 2011 ½-½ (31)}) 15. b4 a6 $146 {The main reason for this natural move being a novelty is that there are not too many games available with this whole variation.} ({However, I subjectively prefer the previously played} 15... Rac8 {aiming to stop the queen side attack with the help of natural development. This strategy is in accordance with the general recomendation of refraining from pawn moves on the side where the opponent has an advantage.} 16. Rfc1 ({We know already that White should not allow his opponent to take over the control of the e5-square after} 16. b5 c5 $1 17. Nb3 cxd4 18. Nxd4 Qe5) 16... h4 17. h3 Nd5 (17... Rfe8 $5) {The game continuation is an obvious concession:} 18. Nxd5 ({The tactical justification of Black's last move lies in the variation} 18. Ncxe4 $2 Rfe8 19. f3 Nxe3 $17) ({Generally speaking, it would be desirable for White to maintain the tension, but after} 18. Qb3 Rfd8 (18... Nxc3 19. Qxc3 Be6 20. Qc5 $1) {the problem is that} 19. b5 $6 {still doesn't work in view of} Qg5 20. Kh1 (20. Kh2 {allows the additional idea of} Bxh3 $5 21. gxh3 Nxe3) 20... Nxc3 21. Rxc3 (21. Qxc3 cxb5) 21... c5 $1 $15 {[%csl Yd2]}) 18... cxd5 19. Qb2 Be6 20. a3 Qg5 21. Kh1 f5 {Black is entirely safe on the queen side and has an obvious plan on the other wing, ½-½ Doettling,F (2473)-Boensch,U (2558)/Germany 2001/CBM 082 ext (30)}) ({RR} 15... Rac8 16. Rfc1 h4 17. h3 Nd5 18. Nxd5 cxd5 19. Qb2 Be6 20. a3 Qg5 21. Kh1 f5 22. Rxc8 Rxc8 23. Rc1 f4 24. Rxc8+ Bxc8 25. Qc3 Bd7 26. exf4 Qxf4 27. Kg1 Bb5 28. Qc5 Bc4 29. Nxc4 Qc1+ 30. Kh2 {Doettling,F (2473)-Boensch,U (2558) Germany 2001 ½-½}) 16. Rfc1 h4 17. h3 Rad8 {I am not sure whether this most natural move is in accordance with the concrete needs of the position.} (17... Rac8 {looks more appropriate. Let us take for instance the variation played in the game:} 18. a4 Nh7 (18... Nd5 $5) (18... Rfe8) 19. b5 axb5 20. axb5 {. Now, the thematic} c5 {is entirely playable with a good position for Black.}) 18. a4 Nh7 19. Ne2 {White plays cautiously. Before starting concrete action, he consolidates his king side. Generally, this is a wise approach, but it sems that he could have launched his attack already, for instance} (19. b5 $5 axb5 20. axb5 Ng5 ({Unfortunately for Black,} 20... c5 {is not working now because of} 21. dxc5 Qxc5 22. Ndxe4 {and it is hard to take an advantage of the pin of the e4-knight in any way, for instance} Qe7 23. Qa4 Ng5 24. Qb4 $1 {This line suggets that Black could try to play 19...c5 without previously capturing on b5, in order to avoid making the a4-square available to the queen. However, this would leave him with undesired queen side weaknesses. The final evaluation of 19.b5 possibly depends on the evaluation of this last position.}) 21. bxc6 bxc6 22. Ne2 {White's king side is in safety, while the c6-pawn will cause Black permanent problems in the future.} (22. Na4 Qe6 23. Qxc6 Bxh3 $5 $132)) 19... Ng5 20. Nf4 {But now, this is too slow already, allowing Black to regroup.} (20. b5 $1) 20... Ne6 $1 21. Nxe6 Qxe6 22. Qd1 Rd5 23. Rc5 Qg6 24. Kh1 Be6 {Black will soon transfer his bishop to d5, safely defending the e4- and c6 pawns and preparing the standard plan f5-f4. His chances are not worse.} (24... Be6 25. Qc2 f5 26. b5 axb5 27. axb5 Rxc5 28. Qxc5 Bd5 29. bxc6 bxc6 $132) 1/2-1/2